000 01207nam a2200229 i 4500
001 151364
003 ES-MaACL
005 20230906204000.0
008 990709s1780 fr bdf |||| | fre d
040 _aCCPB | B
_bspa
_cCCPB | B
110 2 _aAcadémie des inscriptions et belles-lettres (Francia)
_91230
245 1 0 _aMémoires de littérature, tirés des registres de l´Academie Royale des Inscriptions et Belles-Lettres, depuis l'année MDCCLXXIII, jusques & compris l'année MDCCLXXV, & une partie de MDCCLXXVI
_b: Tome Quarante-Unième.
260 _aA Paris :
_bDe l´Imprimerie Royale,
_c1780.
300 _a[8], 774 p., [5] h. de grab. ;
_c25 cm.
597 _aSign.: *4, A-Z4, 2A-2Z4, 3A-3Z4, 4A-4Z4, 5A-5D4, 5E3.
597 _aPort. con grab. xil.
597 _aTexto con apostillas marginales.
599 _aViñeta xil. en r. de A1.
599 _aLas h. de grab. calc. representan: medailles de l'empereur Antonin Frappees en Egypte, Ancien-Nouveau domaine des planetes, Inscription de Milet, un gráfico y un mapa de Contrebia.
610 2 _aAcadémie des inscriptions et belles-lettres (Francia)
_91230
852 _aES-MaACL
_jR-1298-1343
_z-- Enc. piel
_x Olim: G-13300-45
999 _c151364
_d151364